| 000 | 00778cam a22002891 4500 | ||
|---|---|---|---|
| 001 | 8900185 | ||
| 003 | OSt | ||
| 005 | 20140310184244.0 | ||
| 008 | 720107s1961 nyu j 000 1 eng | ||
| 010 | _a 61008256 | ||
| 020 | _a0590445529 | ||
| 035 | _a(OCoLC)192062 | ||
| 040 |
_aDLC _cOTifH _dOCoLC _dDLC |
||
| 042 | _apremarc | ||
| 050 | 0 | 0 |
_aPZ 7 _b.M1696Go 1961 |
| 100 | 1 |
_aMcGraw, Eloise Jarvis. _96279 |
|
| 245 | 1 | 4 |
_aThe golden goblet / _bEloise Jarvis McGraw. |
| 260 |
_aNew York : _bScholastic Inc., _c1961. |
||
| 300 |
_a248 p. : _c19 cm. |
||
| 521 | _aG8 | ||
| 526 | _c930 | ||
| 650 |
_aFiction _xJuvenile literature. _930432 |
||
| 906 |
_a7 _bcbc _coclcrpl _du _encip _f19 _gy-gencatlg |
||
| 942 |
_2lcc _cBK-SCHOLAS |
||
| 999 |
_c33311 _d33311 |
||